Etica y valores en el trabajo social

Saved in:
Bibliografiske detaljer
Hovedforfatter: Banks, Sarah (Author)
Format: Bog
Sprog:spansk
Udgivet: Barcelona Paidós 1997
Serier:Colección Paidós Trabajo Social, 2
Fag:
Tags: Tilføj Tag
Ingen Tags, Vær først til at tagge denne postø!

MARC

LEADER 00000nam a2200000 a 4500
001 UCP0173
003 CL-VaPUC
008 990305e19970000SP |||||||||||||||||spa|d
082 0 4 |a 361.301  |b BAN  |2 21 
100 0 |a Banks, Sarah  |e author  |9 425143 
245 1 0 |a Etica y valores en el trabajo social 
300 |a 208 p 
942 |c BK 
945 |d 19990305 00:00:00  |a aarredon 
260 |a Barcelona  |b Paidós  |c 1997 
650 0 |a Trabajo social   |9 307856 
650 0 |a Bienestar social   |9 255298 
650 0 |a Servicio social  |9 307999 
650 0 |a Ética  |9 255099 
650 0 |a Etica profesional   |9 255694 
650 0 |a Valores morales   |9 310604 
650 0 |a Consumidores  |9 315658 
583 |a last modification  |c 19990305 00:00:00  |k Rodrigo Vera 
490 0 |a Colección Paidós Trabajo Social, 2 
999 |c 279015  |d 279013 
952 |0 0  |1 0  |4 0  |6 361_301000000000000_BAN_1997  |7 0  |8 A  |9 317880  |a BIBGIM  |b BIBGIM  |d 2019-11-20  |i 3500934  |o 361.301 BAN 1997  |p 3500934  |r 2025-01-15  |w 2019-11-20  |y BK  |k SSL